02043 2200385 4500001002100000005001500021035002000036007000300056008004100059020002200100082001000122084001600132100003000148245029100178250002800469300004000497650002200537650001700559650002800576700002900604700003400633700003400667700003400701700002500735700003000760700003200790700004100822520064900863600001901512264004301531336002101574337003001595338002301625990000901648INLIS00000000000299720260402093234 a0010-0426000011ta260402 g 0 ind  a978-602-72712-0-3 a959.8 a959.8 LAO e0 aLaode Lalano SePengarang1 aENSIKLOPEDIA LINTAS SEJARAH INDONESIA #7 - INFOGRAFIS :bPeriode 1900-2014 dalam Literasi Visual /cLaode Lalano S, Itok Isdianto, Moeflich Hasbullah, Nurul Fitry Azizah ; penyunting, Yanti Sriyulianti ; ilustrator, David Go, Didin Jahidin, Slamet Hariyadi, Andrianus kokok Rahardjo dkk aCetakan ke-3, Juni 2016 a103 halaman :bilustrasi ;c28,5 cm 4aSejarah Indonesia 4aEnsiklopedia 4aLiterasi visual sejarah0 aItok IsdiantoePengarang0 aMoeflich HasbullahePengarang0 aNurul Fitry AzizahePengarang0 aYanti SriyuliantiePenyunting0 aDavid GoeIlustrator0 aDidin JahidineIlustrator0 aSlamet HariyadieIlustrator0 aAndrianus kokok RahardjoeIlustrator aJilid ketujuh ini berfungsi sebagai rangkuman visual dari seluruh periode sejarah Indonesia yang telah dibahas dalam enam jilid sebelumnya: - 1900–1942: Kebangkitan kesadaran berbangsa. - 1942–1966: Perjuangan kemerdekaan dan transisi politik. - 1966–1998: Pembangunan nasional di masa Orde Baru. - 1998–2004: Reformasi dan kebangkitan demokrasi. - 2004–2014: Prestasi Indonesia di pentas global. - 2014: Penguatan karakter bangsa di era Jokowi. Semua periode tersebut disajikan dalam bentuk infografis, ilustrasi, dan foto arsip, sehingga pembaca dapat memahami garis besar perjalanan bangsa secara cepat, ringkas, dan visual. 4aLaode Lalano S aJakarta :bBinar Cahaya Semesta,c2016 2rdacontentateks 2rdamediaatanpa perantara 2rdacarrieravolume a7580